[Event "Valle d'Aosta op 11th"]
[Site "Saint Vincent"]
[Date "2003.02.10"]
[Round "3"]
[White "Vassallo Barroche, Mauricio"]
[Black "Atalik, Suat"]
[Result "1/2-1/2"]
[WhiteElo "2443"]
[BlackElo "2581"]
[Annotator "Atalik,S"]
[PlyCount "53"]
[EventDate "2003.02.08"]
[EventType "swiss"]
[EventRounds "9"]
[EventCountry "ITA"]
[SourceTitle "EXT 2004"]
[Source "ChessBase"]
[SourceDate "2003.11.25"]
[SourceVersion "1"]
[SourceVersionDate "2003.11.25"]
[SourceQuality "1"]

1. c4 Nf6 2. Nf3 e6 3. g3 b6 4. Bg2 Bb7 5. O-O Be7 6. Nc3 O-O 7. Re1 d5 8. cxd5
exd5 9. d4 Na6 10. Bf4 Qd7 $5 {Queen looks ok here as much as on c8.} 11. Rc1
Rfd8 12. a3 c5 13. Ne5 Qe6 14. h4 Ne4 15. dxc5 $6 {This makes black happy.} (
15. e3 $142) 15... Bxc5 16. Nd3 Bd4 17. Nb5 Bf6 18. Nc7 (18. Nb4 $2 Nxb4 (18...
Nec5 $2 19. Nxa6 Nxa6 20. b4 $16) 19. Nc7 Qf5 20. Nxa8 Nc6 21. Nc7 Bxb2 22. Rb1
Bxa3 $17) 18... Nxc7 19. Rxc7 Rd7 $2 {This leads only to an equal position.} (
19... Ba6 $1 20. Qa4 $140 Bc4 (20... Bxd3 $2 21. exd3 Nc3 22. Rxe6 Nxa4 23. Rd6
Rxd6 24. Bxd6 Rd8 25. Rxa7 (25. Be7 Bxe7 26. Rxe7 Kf8 27. Rxa7 Nxb2 28. d4 Nc4
$132) 25... Rxd6 (25... Nxb2 26. Bc7) 26. Rxa4 $16) 21. Rc1 (21. Rxa7 $2 b5 22.
Qa5 Rxa7 23. Qxa7 Nxg3 $1 24. Bxg3 Bxd3 $17) 21... b5 22. Qd1 Bd4 $17) 20. Rxd7
Qxd7 21. Be5 Bxe5 22. Nxe5 Qf5 23. Nd3 Rc8 24. Qa4 a5 25. Qd4 Qf6 26. Qxf6 Nxf6
27. Rc1 {After this not much is left in the game.} (27. Rc1 Rxc1+ 28. Nxc1 Ba6
29. e3 Bc4 30. b3 Bb5 31. f3 $11) 1/2-1/2

[Event "Corus-C"]
[Site "Wijk aan Zee"]
[Date "2006.01.17"]
[Round "4"]
[White "Atalik, Suat"]
[Black "Werle, Jan"]
[Result "1/2-1/2"]
[WhiteElo "2618"]
[BlackElo "2514"]
[Annotator "Atalik,S"]
[PlyCount "96"]
[EventDate "2006.01.14"]
[EventType "tourn"]
[EventRounds "13"]
[EventCountry "NED"]
[EventCategory "9"]
[SourceTitle "CBM 111"]
[Source "ChessBase"]
[SourceDate "2006.04.04"]
[SourceVersion "1"]
[SourceVersionDate "2006.04.04"]
[SourceQuality "1"]

1. Nf3 Nf6 2. c4 b6 3. g3 Bb7 4. d4 e6 5. Bg2 Be7 6. Nc3 O-O 7. Qd3 $5 {
An interesting move used very seldom by Kortschnoj.} (7. Qc2 c5 $1 $13) 7... c5
$6 {I thought that my move is designed to prevent this.} (7... Na6 8. a3 (8.
O-O c5 $132) (8. e4 $5 d5 9. cxd5 exd5 10. e5 Ne4 (10... Nb4 $6 11. Qb1 Ba6 12.
Bf1 Bxf1 13. Kxf1 $14) 11. O-O c5 12. Be3 $13) 8... d5 9. cxd5 exd5 $13) (7...
d5 8. cxd5 Nxd5 (8... exd5 9. O-O $13) 9. Nxd5 exd5 10. O-O $13) 8. d5 exd5 9.
cxd5 d6 (9... Na6 $2 10. d6 Nb4 11. Qd2 Bxd6 12. a3 Nbd5 13. Nh4 Nxc3 14. Bxb7
$16) 10. O-O Ba6 {Black tries to handle the opening in some way reminiscent of
4...Ba6 in QID Petrosian System.} 11. Nb5 $6 {Too optimistic.} (11. Qb1 Nbd7 (
11... b5 $6 12. b4 Nbd7 13. bxc5 Nxc5 14. Nd4 $16) 12. a4 $16) 11... Bxb5 12.
Qxb5 Nbd7 $2 {He could have taken the pawn.} (12... Nxd5 $1 13. Nh4 Nc7 14. Qd3
(14. Qa4 $6 d5 15. Nf5 Nba6 16. Rd1 Bf6 17. Bxd5 Nxd5 18. Qxa6 (18. e4 Qe8 19.
Qxe8 Rfxe8 20. exd5 Rad8 $11) 18... Nb4 19. Rxd8 Nxa6 $17) 14... d5 15. Nf5
Nba6 16. e4 d4 17. e5 Rb8 18. Qe4 $44) 13. Qd3 $14 {Now the advantage is with
whiteside.} Re8 14. Re1 Bf8 15. Bf4 Nh5 $6 {A bad move puting the knight on
the rim.} (15... g6 16. e4 b5 $1 $132) (15... Ne4 16. Nd2 Nxd2 17. Qxd2 $14)
16. Bd2 (16. Bg5 Qc7) 16... g6 17. Bc3 Bg7 18. e4 Bxc3 19. bxc3 Nhf6 (19... Qf6
20. Bh3 $16) 20. Nd2 Ne5 21. Qf1 $1 g5 22. f4 gxf4 23. gxf4 Ng6 24. Qf3 Kh8 25.
Bh3 Ng8 (25... Nh4 26. Qf2) 26. Rf1 Qh4 27. Qg3 Nf6 28. Rae1 (28. Qxh4 Nxh4 29.
Rae1 Ng6 $132) 28... Qh6 29. Qg5 Kg7 $2 (29... Qg7 30. Kh1 $16) 30. Re3 Qxg5+
31. fxg5 Ng8 (31... Nxd5 32. Ref3 $16) 32. Nc4 Rad8 33. Ref3 Rf8 $2 {Black is
condemned to passivity after the text.} (33... Rxe4 34. Rxf7+ Kh8 35. Nd2 Re5
36. Be6 (36. c4 Rxg5+ 37. Kh1 $44) 36... Rxg5+ 37. Kh1 $16) (33... Re7 34. Rf6
$1 Rxe4 35. Nxd6 (35. Rxd6 Rf8) 35... Re5 36. Rxf7+ Kh8 37. Nf5 Rexd5 38. Rxa7
$16) 34. a4 $18 f6 (34... h6 35. gxh6+ Nxh6 36. Rf6 $18) (34... Nh4 35. R3f2 (
35. Rf4 Ng6 36. R4f2 Nh4 37. Kh1 $18) 35... Ng6 36. Kh1 $18) 35. Be6 fxg5 36.
Rf7+ (36. Rxf8 $2 Nxf8 (36... Rxf8 37. Rxf8 Nxf8 38. Bxg8 Kxg8 39. Nxd6 Nd7 40.
Nc4 Nf6 $132) 37. Rf7+ Kg6 38. e5 $16) 36... Rxf7 (36... Kh8 37. Nxd6 $18) 37.
Rxf7+ Kh8 (37... Kh6 38. Rxa7 Nf6 39. Bf5 $16) 38. Rxa7 Nf6 39. Nxb6 $6 {
I had to protect the e pawn.} (39. Bf5 Nh4 40. Rf7 $1 (40. Nxb6 Re8 41. Nc4 $18
) 40... Nxf5 41. Rxf6 $18) 39... Nxe4 40. c4 (40. a5 Nxc3 (40... Rb8 41. c4 Nd2
42. Rc7 $18) 41. a6 Nb5 42. Rb7 $16) (40. Bf5 Nxc3 41. Bxg6 hxg6 42. a5 Re8
$132) 40... Nd2 41. a5 (41. Bf5 $6 Nh4 42. Bd3 $132) 41... Rf8 42. Rf7 Rb8 (
42... Rxf7 43. Bxf7 Ne5 44. a6 Ndxc4 45. Nc8 Nd7 46. Be8 Ndb6 47. a7 Na8 48.
Bc6 Nc7 49. Kf2 $16) 43. Nd7 $2 {This throws away the win.} (43. Bc8 Ne5 44.
Rb7 Rxb7 45. Bxb7 Ndxc4 46. Nxc4 Nxc4 47. a6 Kg7 48. a7 Nb6 49. Kf2 Kf6 $44 {
It is really difficult to say who is better}) (43. Rc7 Nb3 (43... Ne5 44. Rc8+
$18) (43... Rf8 44. Rc8 $18) 44. Nc8 Nxa5 45. Nxd6 Rb1+ 46. Kg2 Rb2+ 47. Kg3
$16) (43. Bf5 Nb3 (43... Ne5 44. Rxh7+ Kg8 45. Ra7 Ndxc4 46. Nxc4 Nxc4 47. a6
$18) 44. Ra7 Nxa5 45. Nd7 $18) 43... Rb1+ $11 {After this white can not get
his queen out of the kingsThus it is a draw.} 44. Kf2 Nxc4 45. Nf6 (45. a6 Ra1
(45... Rb2+ 46. Kg3 Ra2 47. Nf6 Ra3+)) (45. Bf5 Rb2+ $11) 45... Rb2+ 46. Kg1
Rb1+ 47. Kf2 Rb2+ 48. Kg1 Rb1+ 1/2-1/2

[Event "Cappelle op 19th"]
[Site "Cappelle la Grande"]
[Date "2003.02.27"]
[Round "7"]
[White "Atalik, Suat"]
[Black "Petrik, Tomas"]
[Result "1-0"]
[WhiteElo "2581"]
[BlackElo "2393"]
[Annotator "Atalik,S"]
[PlyCount "80"]
[EventDate "2003.02.22"]
[EventType "swiss"]
[EventRounds "9"]
[EventCountry "FRA"]
[SourceTitle "EXT 2004"]
[Source "ChessBase"]
[SourceDate "2003.11.25"]
[SourceVersion "1"]
[SourceVersionDate "2003.11.25"]
[SourceQuality "1"]

1. d4 Nf6 2. c4 e6 3. Nf3 b6 4. g3 {I have decided to play fianchetto system
against Queens Indian Defence,because in my preparation I have noticed that
the young Czech IM always plays with Bb7 instead of the modern choice Ba6.} Bb7
{As expected!} 5. Bg2 Be7 6. Nc3 Ne4 {Preparationwise this is a surprise.} ({
Formerly he always preferred} 6... O-O 7. O-O (7. Qd3 $5) 7... Ne4 8. Qc2 {
I have studied some of Predrag's games.} Nxc3 9. Qxc3 c5 (9... f5 10. Ne5 Qc8
11. h4 $5) 10. Rd1 d6 11. Bf4 $5 {gives lively game in which black should show
some theoretical knowledge which is difficult for an amateur like my opponent.}
) 7. Qc2 {I wanted to stick to my preparation.} ({Otherwise} 7. Bd2 {gives
white some advantage especially in this situation especially when without
castles.} Bf6 8. Qc2 Nxd2 9. Qxd2 d6 10. Rd1 Nd7 11. Qc2 g6 12. h4 h5 13. Ne4
$14 {is a sample line in which the difference of uncastled kings make
difference compared the lines with the castled ones.}) 7... Nxc3 8. Qxc3 Bf6 {
After a long thought my opponent produced this ugly looking move.} (8... O-O 9.
O-O) 9. Qd3 {From now on black sits on Ng5.So he has to produce some
weaknesses to spend tempi.} d6 10. O-O Nd7 ({Probably too early for} 10... c5
11. d5 (11. Rd1 Nd7 12. dxc5 Nxc5 13. Qxd6 Qxd6 14. Rxd6 Rc8 $1 $44 {is
annoying.}) 11... exd5 (11... e5 12. e4 O-O 13. Bd2 $14) 12. Nd2 (12. Ne1 O-O
13. Bxd5 Nc6 14. Nc2 Qd7) (12. Nh4 $6 {is not to the point.} O-O 13. Bxd5 Nc6
14. Qe4 Re8 15. Qg2 Qd7) 12... O-O 13. Bxd5 Nc6 14. a3 $1 $14) 11. Rd1 Qe7 ({
Black turns down the first oppurtunity to play} 11... c5 12. e4 $1 (12. dxc5 $6
Nxc5 $1 13. Qxd6 Qxd6 14. Rxd6 Rc8 $1 $44 (14... Ke7 15. Rd1 h6 (15... Rhd8 16.
Bg5) 16. Nd4)) 12... cxd4 13. Nxd4 a6 (13... Ne5 14. Qe2 Rc8 15. b3) 14. b3 O-O
15. Bb2 {with a normal game.}) 12. h4 {I like this,in one move Bc1 can jump
into the game.} Rd8 (12... c5 13. e4 cxd4 14. Nxd4 O-O 15. b3 {and Qe7 stands
rather weird.}) 13. e4 O-O 14. Qe2 g6 {Black's consistency has become some
sort of bulk of misorientation(inspried by Alex's usual expression on my
sometimes unexplainable blunders:flashes of stupidity) not to play c5.} (14...
c5 15. b3 (15. dxc5 $6 dxc5 $1 (15... Nxc5 $6 16. Nh2) 16. Bf4 e5 17. Bd2 Nb8
$17 {d4 square is annoying.}) 15... cxd4 16. Nxd4) 15. b4 {Here I had to come
up with a decision.} ({The consistency in my opponents play to ommit c5 thrust
made me not to go for the obvious} 15. e5 Bg7 (15... Bxf3 $2 16. exf6 Bxe2 17.
fxe7 Bxd1 18. Bg5 f6 19. exf8=Q+ Rxf8 20. Bh6 $18) (15... dxe5 16. dxe5 Bg7 (
16... Bxf3 $2 17. exf6 Bxe2 18. fxe7 Bxd1 19. exd8=Q Rxd8 20. Bg5 f6 21. Rxd1
fxg5 22. Bc6 $18) 17. Bg5 f6 18. exf6 Bxf6 19. Nd4 Bxg2 20. Kxg2 Rde8 $14) 16.
Bg5 f6 17. exd6 cxd6 18. Be3 $14) 15... Bg7 {Expected!} (15... c5 16. a3 cxd4
17. Nxd4 Rc8 18. Bb2 $14 Ba6 $140 19. Rac1 Ne5 $2 20. b5 Bb7 21. f4 Nd7 22. e5
dxe5 23. Bxb7 exd4 24. Bxc8 Rxc8 25. Bxd4 Bxd4+ 26. Rxd4 Qxa3 27. Rcd1 $1 $16)
16. Bb2 f5 $6 {Very ambitious headbanging!This ain't no backyard play with
2200 open tournament seek and hide play!The inexperience of my young opponent
finally started to talk.} 17. exf5 Rxf5 {After this I have calculated the
coming 10 moves since it is relatively easy and forced line.} (17... gxf5 18.
d5 Bxb2 19. Qxb2 $16) 18. Ng5 Bxg2 19. Qxe6+ $1 {Simple and effective.} Qxe6
20. Nxe6 Re8 21. Nxg7 {Fork!} Kxg7 22. d5+ $8 {Yeah probably he missed that
after d4-d5 and Bb2 -d4 there ain't no danger around f2.} Kg8 $5 {Well I have
to admit that I have missed this and I had to rewind my calculations.} ({
The obvious advantage of the text over} 22... Kf7 23. Kxg2 Re2 24. Bd4 Ne5 25.
Kf1 $1 (25. b5 $6 Nxc4 26. Rac1 Na3 27. Rxc7+ Re7 28. Rxe7+ Kxe7 29. Bb2 Nxb5
30. g4 Rf4 31. Kg3 Rb4 $36) (25. c5 Ng4 26. cxd6 cxd6 27. Re1 Rxe1 28. Rxe1
Rxd5 29. Re4 Ne5 $11) 25... Rc2 26. Rac1 Rxa2 27. Ra1 Rxa1 (27... Rc2 $2 28.
Rxa7 Rxc4 29. Bxb6 Ng4 30. Kg1) 28. Rxa1 Nxc4 29. Rxa7 Rxd5 30. Rxc7+ Ke6 31.
Bh8 $1 $16 {lies in this line.}) 23. Kxg2 Re2 24. Bd4 Ne5 $14 {Smoke clears
and black has a lot of activity despite of material loss.} 25. c5 $1 {I could
not calculate well and after some time I have taken a bad practical decision.}
(25. Kf1 Rc2 26. Rdc1 (26. Rac1 $2 {does not work like in the above mentioned
line.} Rxa2 27. Ra1 Rxa1 28. Rxa1 Nxc4 29. Rxa7 Rxd5 30. Bf6 c5 31. Rg7+ Kf8
32. bxc5 dxc5 33. Rxh7 $15) 26... Rd2 27. Be3 Rb2 28. a3 Ng4 29. Bd4 Rd2 30.
Rd1 Rc2 31. Rac1 Ra2 $11) (25. b5 $2 Nxc4 26. Rac1 Na3 (26... Nb2 27. Kf1) 27.
Rxc7 Nxb5 $17) (25. a4 Nf3 (25... Ng4 26. Re1 Rd2 27. Rad1 Rc2 28. Re8+ Kf7 29.
Rde1 Ne5 30. Rh8 Kg7 (30... Rxc4 31. Bxe5 Rxe5 32. Rxe5 dxe5 33. Rxh7+ Kf6 34.
b5 $16) 31. Rc8 (31. Ra8 Rxc4 32. Re4 (32. Bxe5+ dxe5 33. Rxa7 Rc2 34. Rf1 Kf6
35. a5 e4) 32... Kf7 33. g4 $18) 31... Rxc4 32. Re4 (32. Bxe5+ dxe5 33. d6 Rf7
34. Rxc7 Rfxc7 35. dxc7 Kf6 36. Re4 Rxc7 $11) 32... Kf7 33. g4 Nxg4 34. Rxg4 h5
35. Re4 Rxd5 36. Rf4+ Rf5 37. Rxf5+ gxf5 38. Be3 $18) 26. Be3 Ne5 $132) 25...
bxc5 $2 $138 {With this my opponent started to show his true colors.In deed
there is no need to open extra lines on the queens wing for black for two
reasons:first white one of rooks may penetrate there second any pawn exchanges
in that part of the board increases the scope of whites bishop.} (25... Ng4 26.
cxd6 cxd6 27. Rac1 $1 (27. Re1 $6 Rxe1 28. Rxe1 Rxd5 29. Bc3 (29. Re4 Ne5 30.
Bc3 Kf7) 29... Rd3 30. Re8+ Kf7 31. Rc8 d5) 27... Nxf2 28. Re1 Rxe1 $8 29. Rxe1
Nd3 30. Re8+ Kf7 (30... Rf8 $2 31. Rxf8+ Kxf8 32. a3 Ne5 33. Bxe5 dxe5 34. Kf3
Ke7 35. Ke4 Kd6 36. b5 $1 $18) 31. Ra8 Rxd5 32. Rxa7+ Ke6 33. Bxb6 Nxb4 34. a4
$14) 26. bxc5 dxc5 27. Bxc5 Ng4 28. Re1 $1 $18 {Now it is all over because the
weakness of f2 has lost its importance since whites threats towards black king
give no time to breath .} Rc2 {Only way to keep the game going.} (28... Rxe1
29. Rxe1 Rxd5 30. Re8+ Kf7 31. Re7+ Kf6 32. Rxc7 $18) 29. Re8+ Kg7 {Black king
should make careful steps ..} (29... Kf7 30. Rf8+ Kg7 31. Rxf5 gxf5 32. Bxa7
$18) 30. Re7+ Kg8 31. Rxc7 $1 {No way back! I had to accept the consequences
of this move.} (31. Bxa7 $6 Nxf2 32. Rb1 Ng4+ 33. Kg1 Nh2 34. Rb8+ Rf8 35.
Rxf8+ Kxf8 36. Rxh7 Rxa2 37. Be3 (37. Rxc7 Nf3+ 38. Kf1 Nh2+ 39. Ke1 Nf3+ 40.
Kd1 Rd2+ 41. Kc1 Rxd5 $11) 37... Rc2 $16) 31... Ne3+ $1 {Tricky!} (31... Rfxf2+
32. Bxf2 Rxc7 33. Bd4 (33. Bg1 Rd7 34. Rd1 Nf6 35. d6 Kf7 $1 $14 {is not that
clear to me.} (35... Ne4 $2 36. Bxa7)) 33... Rd7 34. Kf3 Rxd5 35. Bxa7 $18 {
and the passer decides the issue.}) 32. Kg1 $2 {Somehow this is is another
flash of stupidity.I have looked at the position for some minutes and I have
said "what is the difference?".} (32. Kh3 Rfxf2 (32... Nxd5 33. Rc8+ Kf7 34.
Rf8+ Ke6 35. Rxf5 gxf5 36. Bxa7 $18) (32... Rxd5 33. Rb1 $18) 33. Rc8+ Kg7 34.
Bd4+ Kf7 35. Rxc2 Nxc2 36. Bxf2 Nxa1 37. Bxa7 $18) 32... Rxd5 $1 {Yes that is
the difference.} 33. fxe3 $8 {Luckily this wins.I had to pull myself together
and come up with the continuation of the game.} (33. Rb1 $2 Rd1+ 34. Rxd1 Nxd1
$11) 33... Rdxc5 34. Rxa7 Re2 35. Rb1 $18 {Mating threats makes whites the a
pawn walk down on the board.} Rc8 36. a4 Rxe3 37. Kg2 $1 {A safe haven is
waiting fo my majesty on h3.} h5 38. a5 Rec3 $6 $138 {Black is stone cold lost
but he did not have to lose immediately.} (38... Ra3 39. a6 Ra2+ 40. Kh3 Kf8
41. Rb6 $1 Rf2 42. Rh7 Kg8 43. Rd7 $18 {would have been a logical end to the
game.}) 39. a6 R3c7 $2 {Collapse!} (39... Rc2+ 40. Kh3 Ra2 41. Rb6 $1 Kh8 (
41... Kf8 42. Rf6+) 42. Rxg6 Rcc2 43. Rh6+ Kg8 44. Rxh5 Rh2+ 45. Kg4 Ra4+ 46.
Kf5 $18 {is similar to the previous note.}) 40. Rxc7 Rxc7 {and my opponent
resigned when I was pondering about landing my rook on b7 or b8.} (40... Rxc7
41. Rb8+ (41. Rb7 $18) 41... Kf7 42. Rb7 $18) 1-0

[Event "Lee Cup 3rd"]
[Site "Beijing"]
[Date "1996.??.??"]
[Round "4"]
[White "Atalik, Suat"]
[Black "Greenfeld, Alon"]
[Result "1-0"]
[WhiteElo "2525"]
[BlackElo "2555"]
[Annotator "Atalik,S"]
[PlyCount "109"]
[EventDate "1996.08.??"]
[EventType "swiss"]
[EventRounds "11"]
[EventCountry "CHN"]
[SourceTitle "CBM 054 Extra"]
[Source "ChessBase"]
[SourceDate "1996.11.01"]
[SourceVersion "1"]
[SourceVersionDate "1996.11.01"]
[SourceQuality "1"]

1. d4 Nf6 2. Nf3 e6 3. g3 b6 4. Bg2 Bb7 5. c4 Be7 6. Nc3 Ne4 7. Bd2 f5 8. d5
Bf6 9. Qc2 Na6 (9... Qe7 10. Rd1 Na6 11. O-O Nb4 (11... O-O $6 12. Nxe4 fxe4
13. Qxe4 Rae8 14. Qb1 (14. Be3 Qb4 $1 15. b3 (15. Qb1 Qxc4) 15... exd5 16. Qc2
(16. Qb1 $6 dxc4 17. Ng5 Bxg5 18. Bxb7 Bxe3 19. Bxa6 Bxf2+ (19... Rxf2 20.
Bxc4+ Kh8 21. Rxf2 Qc5 22. Rdf1 Rf8 23. Qe1) 20. Rxf2 Rxf2 21. Bxc4+ (21. Kxf2
Qc5+ 22. Kf1 Rf8+ $19) 21... Rf7 $15) 16... dxc4 17. Ng5 Bxg5 18. Bxb7 Bxe3 19.
Bxa6 cxb3 20. Qxb3+ Qxb3 21. axb3 Bc5 22. Bc4+ $10) 14... exd5 15. cxd5 Bxd5
16. Ng5 Bxg5 17. Bxd5+ Kh8 18. Bxg5 Qxg5 19. b4 $14) (11... exd5 12. cxd5 c5
13. Nxe4 fxe4 14. Nh4 Bxd5 (14... Bxh4 15. gxh4 Bxd5 16. Bg5 Nb4 17. Bxe7 Nxc2
18. Bxc5 Bxa2 19. Bxe4 Rc8 20. Bd6 $16) 15. Bc3 $1 Bxc3 16. bxc3 Be6 17. Bxe4
O-O-O 18. Nf5 Bxf5 19. Bxf5 $14) (11... Nd6 12. b3 {-9...Nd6 10.b3 Na6 11.Rd1
Qe7 12.0-0}) 12. Qb3 a5 13. Nb5 O-O 14. Nxc7 Rac8 15. a3 $1 Nc5 (15... Rxc7 16.
axb4 Nxd2 17. Nxd2 axb4 (17... Qxb4 18. Qxb4 axb4 19. d6 Bxg2 20. dxc7 Bxf1 21.
Nxf1 Bxb2 22. Rxd7 Bf6 23. Rd6 $1 Rc8 24. Rxb6 Rxc7 25. Rxb4 $16) 18. Ne4 $1)
16. Bxb4 Rxc7 17. Bxc5 $1 (17. d6 $2 Nxb3 (17... Qxd6 18. Rxd6 Nxb3 19. Be1 Bc6
) 18. dxe7 Re8 19. Bd6 Rxc4) 17... Qxc5 18. Ne1 $1 $16) (9... Nd6 10. b3 Na6
11. Rd1 Qe7 12. O-O O-O 13. Be3 e5 14. Na4 Qf7 15. c5 Ne4 16. Nd2 Naxc5 17.
Nxc5 Nxc5 18. Bxc5 bxc5 19. Qxf5 d6 20. Qd3 $14) 10. Nxe4 (10. Rd1 Nd6 (10...
Qe7 11. O-O (11. Nxe4 fxe4 12. Qxe4 exd5 $1 13. Qxe7+ Kxe7 14. cxd5 Bxd5)))
10... fxe4 11. Qxe4 Bxb2 (11... Qe7 12. Bc3 exd5 13. Qxe7+ Kxe7 14. Nh4 $1 $16)
(11... Nc5 12. Qe3 Bxb2 13. Rb1 Bf6 14. Bb4 Be7 15. Nd4 O-O 16. O-O $16) 12.
Rd1 $1 Qe7 $5 (12... Bf6 13. Be3 $1 O-O 14. O-O $16) (12... Nc5 13. Qc2 Bf6 14.
e4 $1 exd5 15. cxd5 Qe7 (15... Ba6 16. Bf1) 16. O-O $1 $16) 13. O-O $5 (13. Qc2
Bf6 14. Ng5 $1 Bxg5 15. d6 Bxg2 $1 16. dxe7 Bxd2+ 17. Kxd2 Bxh1 18. Rxh1 Kxe7
$44) 13... Bf6 (13... exd5 14. Qxe7+ Kxe7 15. cxd5 $36) 14. Ne1 $5 (14. Nd4 Nc5
15. Qe3 $13) (14. Bf4 Nc5 15. Qe3 d6) 14... Nc5 15. Qe3 O-O $6 (15... d6 $1 16.
Nd3 exd5 17. cxd5 $36) 16. Bb4 d6 17. Bxc5 bxc5 18. Qxe6+ $1 (18. dxe6 Bd4 19.
Qd3 Bxg2 20. Nxg2 Qxe6 21. e3 Bf6 22. Nf4 Qf7 23. Nd5 Rab8 24. Rb1 c6 25. Nxf6+
Qxf6 $10) 18... Qxe6 19. dxe6 Bxg2 (19... Rab8 20. Nd3 (20. Bd5 Bxd5 21. cxd5
Rb2 $132) 20... Bxg2 21. Kxg2 Rfe8 22. Rb1 Rb6 (22... Rxb1 23. Rxb1 Rxe6 24.
Rb8+ Kf7 25. Rb7 Rxe2 26. Rxc7+ Re7 27. Rxe7+ Kxe7 28. Nf4 $16) 23. Nf4 Reb8
24. Rbd1 $1 Rb2 25. Nd5 Rc8 26. e3 Rxa2 27. Rb1 Rc2 28. Rb7 $16) 20. Nxg2 Rae8
21. Nf4 Bg5 22. Nd5 $1 (22. e3 Bxf4 23. gxf4 Rxe6 24. Rb1 Ra8 $1 $8 25. Rb7 Re7
26. Rfb1 Kf7 27. Rb8 Rxb8 28. Rxb8 Ke6 $10) 22... c6 23. Nc7 Re7 24. Na6 Rxe6
25. e3 Bd8 $1 (25... Rd8 26. Rd3 $16) 26. Rd3 (26. Nb8 $2 Bb6 27. Nxc6 $2 Rc8
28. Rxd6 Rxc6 $19) 26... Bb6 27. a4 $1 Re4 28. Rc1 Rd8 29. Kg2 $1 (29. f3 $6 {
xe3} Ree8 30. e4 (30. Kg2 d5) 30... d5 31. exd5 cxd5 32. Rxd5 Rxd5 33. cxd5 Re2
$132) 29... d5 $6 (29... Kf7 30. Ra3 Ba5 31. Rb3 Rd7 32. Kf3 $16) 30. cxd5 c4
31. Rdd1 Rxd5 $8 (31... cxd5 $2 32. Nb4 $1 $18) 32. Kf3 Re6 (32... Ree5 33. Nb4
$5 (33. Nb8 $6 Re6 34. Rf1 $5 $36 Rd8 (34... Rf6+ 35. Ke2 (35. Kg2 Rd2 $1 $10)
35... Ba5) 35. Na6 Rf8+ 36. Ke2 Re4 37. a5 (37. Rc2 c3 38. Ra1 Ba5 39. Nc5)
37... Bxa5 38. Nc5 $16) 33... Rxd1 34. Rxd1 Rc5 35. Ke4 $5 (35. Rc1 Kf7 36. Na6
(36. a5 Bxa5 37. Nd3 Rd5 $1 38. Nb2 c3 39. Na4 Rd3 40. Ke4 Rd2) 36... Rf5+ (
36... Ra5 37. Nb8 Rxa4 38. Nxc6 Ke6 39. Ke4 Ra2 40. f4 Rxh2 41. Rxc4 $16) 37.
Ke2 Ra5 38. Nb8 Rxa4 39. Nxc6 Ke6 $17) 35... c3 $140 36. Kd3 Ba5 37. Nc2 Rd5+
38. Ke2) 33. Rxd5 cxd5 34. Nb4 $138 d4 35. Nd5 $1 $16 dxe3 36. fxe3 Rd6 37. e4
Kf7 38. Rxc4 Ke6 39. Kf4 $1 (39. Nxb6 axb6 40. Rc7 (40. Kf4 Kd7 $1) 40... Kf6)
39... Bd8 40. h4 h6 41. Nc7+ $1 Kd7 42. e5 $1 Rd3 $8 43. Nb5 Bb6 44. Rc3 $2 (
44. h5 $1 a6 45. Nd6 Ke6 46. Rc6) 44... Rd1 (44... Rxc3 $2 45. Nxc3 Ke6 46. Ne2
$1 Bc7 47. Nd4+ Kd5 48. Nf3 Kc4 49. Ke4 Kb4 50. e6 Bd6 51. Nd4 $18) 45. Kf5 a6
46. Na3 $1 (46. Nd6 Bd4) 46... Bd4 47. e6+ $2 (47. Rf3 Re1 $140 $4 48. Rd3
Rxe5+ 49. Kf4 Rd5 50. Ke4 $18) 47... Kd8 (47... Kd6 48. Nc4+ Ke7 49. Ne3 $1
Bxe3 (49... Bxc3 50. Nxd1 Be1 51. h5 (51. Ne3 Bxg3 52. Nd5+ Kd6 53. e7 Kd7 54.
h5 Bh4 55. Kg6 Bxe7 56. Nxe7 Kxe7 57. Kxg7 a5 $1 58. Kxh6 Kf6 59. Kh7 Kf7 60.
h6 Kf8 61. Kg6 Kg8 62. Kf6 Kh7 63. Ke6 Kxh6 64. Kd6 Kg7 65. Kc6 Kf8 66. Kb6 Ke8
67. Kxa5 Kd8 68. Kb6 Kc8 $10) 51... Bxg3 52. Ne3 Bh4 (52... Kd6 53. Nc4+ Ke7
54. Nb6 Kd6 (54... a5 55. Nc8+ Kd8 56. e7+) (54... Ke8 55. Nd5) 55. Nc8+ Kc7
56. e7 Kd7 57. Kg6 Bh4 58. Kf7 $18) 53. Ke5 $1 $18 (53. Nd5+ Kd6)) 50. Rxe3 Rd4
51. a5 (51. Kg6 Rg4+ 52. Kh7 h5) (51. g4 g6+ $1 52. Kxg6 Rxg4+ $10) 51... Ra4 (
51... Rd5+ 52. Kg6 Rxa5 53. g4 (53. Kxg7 h5 54. Kg6 Rb5 55. g4 hxg4 56. h5 Rb8
57. h6 (57. Kg7 Rb5 58. h6 Rg5+ 59. Kh8 g3) 57... Rg8+ $1 (57... g3 58. h7 g2
59. Rg3 Kxe6 60. Rxg2) 58. Kh5 Rh8 $1 $10 (58... g3 59. h7 Rh8 60. Kg6)) 53...
Ra4 54. Rg3 Kxe6 55. Kxg7 $18) (51... h5 52. Kg6 Rd5 53. Kxg7 Rxa5 54. Kg6 Rb5
55. Re4 $3 (55. g4 hxg4 56. h5 Rb8 57. h6 Rg8+ $1 58. Kh5 Rh8 $10) 55... a5 (
55... Rb3 56. g4 hxg4 57. Rxg4 Kxe6 58. h5 Rh3 59. h6 Kd6 60. h7 Kc6 61. Rg5
$18) 56. g4 hxg4 57. h5 g3 58. h6 Rb2 (58... Rb8 59. h7 g2 (59... Ra8 60. Rg4
$18) 60. Rg4 Kxe6 61. Rxg2 Kd6 62. Rg5 $18) 59. Rg4 Kxe6 60. h7 Rh2 61. Rxg3
$18) 52. Re5 Ra3 (52... h5 53. Rd5 Ra3 54. Rd7+ Kf8 55. Rf7+ Kg8 56. Ra7 Kf8
57. Rxa6 Rxg3 58. Ra8+ Ke7 59. Ra7+ $18) 53. g4 Rf3+ 54. Kg6 Rf4 55. Kh5 $1 g6+
(55... Kf6 56. Rf5+ Rxf5+ 57. gxf5) (55... Rf6 56. g5 hxg5 57. hxg5 g6+ 58. Kh6
$18) 56. Kxg6 Rxg4+ 57. Kh5 Ra4 $10) 48. Rb3 Rf1+ (48... Bf6 49. Nc4 (49. Nc2
$5 {xd5} Rd5+ (49... Rf1+ 50. Kg6 Ke7 51. Ne3 Rg1 52. Nf5+) 50. Kg6 Ke7) 49...
Rd5+ (49... Rd4 50. Ne3 Rxa4 51. Nd5 $18) (49... Rf1+ 50. Kg6 Ke7 51. Ne3) 50.
Kg6 Ke7 51. Ne3 (51. Rb6 $6 Rd3 52. g4 Bxh4 (52... Rd4 53. Ne3) 53. Kxg7 Rg3
54. Kxh6 Rxg4 55. Ne5 Rxa4 56. Ng6+ Kd8 $10) 51... Ra5 52. Nf5+ $18) 49. Ke4
Bf6 50. Nc4 Rd1 (50... Ke7 51. Ne3 Ra1 52. Kf5 $18) 51. Ne3 Rd4+ 52. Kf5 Kc7 (
52... Rxa4 53. Nd5 $18) 53. Rb4 $1 Rd6 (53... Rxb4 54. Nd5+ Kc6 55. Nxb4+ $18)
54. Re4 Kd8 55. Kg6 1-0